000 00423nam a2200181Ia 4500
001 16860
005 20260306170342.0
008 260306t2009||||xx |||||||||||||| ||und||
041 _aESP
082 _a657.1
_bV19 2009
100 _aValdivia Delgado, César A.
_eAUT
245 0 _aNuevo plan contable gubernamental
260 _c2009
300 _a
_c
650 _aGEN
654 _aCCO
942 _cLIB
_dJUS
_fJUS
_2ddc
_n
999 _c16860
_d16860